| 000 | 00000nam 2200000zi 4500 |
| 001 | 9.939951 |
| 003 | CaOODSP |
| 005 | 20240628092449 |
| 006 | m o d f |
| 007 | cr bn||||||||| |
| 008 | 240627t19941994onc ob f000 0 fre d |
| 020 | |a0662602919 |q(bilingue ; |qimprimé) |
| 040 | |aCaOODSP|bfre|erda|cCaOODSP |
| 043 | |an-cn--- |
| 045 | |ax9x9 |
| 086 | 1 |aEn49-2/5-5F-PDF |
| 086 | 1 |aEn49-5/5-5|zEn49-5/5-5F |
| 100 | 1 |aYumlu, S. V., |eauteur. |
| 245 | 10|aEstimation des émissions des bateaux de plaisance au Canada / |cpar S.V. Yumlu. |
| 264 | 1|a[Ottawa] : |bEnvironnement Canada = Environment Canada, |c1994. |
| 264 | 4|c©1994 |
| 300 | |a1 ressource en ligne (viii, 14 pages). |
| 336 | |atexte|btxt|2rdacontent/fre |
| 337 | |ainformatique|bc|2rdamedia/fre |
| 338 | |aressource en ligne|bcr|2rdacarrier/fre |
| 490 | 1 |aSerie de la protection de l'environnement |
| 500 | |aPublié aussi en anglais sous le titre : Estimates of emissions from pleasure craft in Canada. |
| 500 | |a« Pour la Direction des secteurs industriels, Service de la protection de l'environnement, Environnement Canada. » |
| 500 | |a« Rapport SPE 5/AP/5, mars 1994. » |
| 500 | |aÉdition numérisée de l'imprimé [par Environnement et changement climatique Canada]. |
| 504 | |aComprend des références bibliographiques (page 12). |
| 650 | 6|aBateaux à moteur|xMoteurs|xCombustion|xAspect de l'environnement|zCanada. |
| 650 | 6|aAir|xPollution|zCanada|xMesure. |
| 710 | 1 |aCanada. |bEnvironnement Canada, |eorganisme de publication. |
| 710 | 1 |aCanada. |bService de la protection de l'environnement, |eorganisme de publication. |
| 775 | 08|tEstimates of emissions from pleasure craft in Canada / |w(CaOODSP)9.939949 |
| 776 | 0#|tEstimation des émissions des bateaux de plaisance au Canada / |w(CaOODSP)9.523645 |
| 830 | #0|aSérie de la protection de l'environnement.|w(CaOODSP)9.854306 |
| 856 | 40|qPDF|s584 Ko|uhttps://publications.gc.ca/collections/collection_2024/eccc/en49/En49-2-5-5-fra.pdf |